Cartas de Pío XII a los obispos alemanes 1939-1944

Сохранить в:
Библиографические подробности
Главный автор: Pío XII, 1876-1958 Papa (Автор)
Формат:
Язык:испанский
Опубликовано: Barcelona Nova Terra 1969
Серии:Colección Documentos Vaticanos, 2
Предметы:
Метки: Добавить метку
Нет меток, Требуется 1-ая метка записи!

MARC

LEADER 00000nam a2200000 a 4500
001 UCL5313
003 CL-VaPUC
008 040312e19690000SP |||||||||||||||||spa|d
082 0 4 |a 262.13  |b PIO  |2 21 
100 |a Pío XII,   |d 1876-1958  |c Papa  |e author  |9 321754 
245 1 0 |a Cartas de Pío XII a los obispos alemanes 1939-1944 
300 |a 446 p 
942 |c BK 
945 |d 20040312 00:00:00  |a rbrito 
260 |a Barcelona  |b Nova Terra  |c 1969 
650 0 |a Documentos pontificios   |9 255642 
650 0 |a Encíclicas papales  |9 314532 
650 0 |a Cartas apostólicas  |9 373744 
583 |a last modification  |c 20040312 00:00:00  |k Rodrigo Vera 
490 0 |a Colección Documentos Vaticanos, 2 
999 |c 307923  |d 307921 
952 |0 0  |1 0  |4 0  |6 262_130000000000000_PIO_1969  |7 0  |8 A  |9 374100  |a BIBTEO  |b BIBTEO  |d 2019-11-21  |i 3383393  |o 262.13 PIO 1969  |p 3383393  |r 2025-01-17  |w 2019-11-21  |y BK  |k ICR